Word Ladder Quiz Stats

 Plays Quiz not verified by Sporcle

Challenge
Share
Tweet
Embed
Score 0/20 Timer 07:00
0 Plays Today
Clues Word % Correct
Castle's trenchMoat
86%
Layer of PaintCoat
84%
Bull (Spanish)Toro
82%
Ship's Left SidePort
76%
Note on a hunting hornMort
66%
Letter StylesFont
64%
Passage closing (music)Coda
54%
Kathy Lee's Co-HostHoda
48%
One's behavior in a certain situationWont
34%
Southwestern IndianHopi
32%
Clues Word % Correct
A Pot for HerbsWort
30%
Christian (Egyptian)Copt
28%
Jewish Anniversary CharmHopa
26%
Antelope (African)Tora
20%
GazelleCora
20%
The peoples of Benin Fons
20%
Mice (Italian)Topi
12%
Buddhist ShrineTope
12%
Vestment: EcclesiasticalCope
12%
A bridge of Connecting tissuePons
6%

You're not logged in!

Compare scores with friends on all Sporcle quizzes.
Join for Free
OR
Log In

You Might Also Like...

Show Comments

Extras

Top Quizzes Today


Score Distribution

Your Account Isn't Verified!

In order to create a playlist on Sporcle, you need to verify the email address you used during registration. Go to your Sporcle Settings to finish the process.

Report this User

Report this user for behavior that violates our Community Guidelines.

Details: